000
00262nam a22000977a 4500
999
_c
10464
_d
10464
008
180217b ||||| |||| 00| 0 eng d
020
_a
9788181372116
100
_a
Sachdeva, P
_9
6362
245
_a
Computer class - VIII
260
_a
New Delhi
_b
Rachna Publication
_c
2013